Регионална библиотека "Любен Каравелов" - Русе

Сборът на дните (Запис номер 86718)

MARC детайли
000 -Лидер
Контролно поле с фиксирана дължина 01210nam a2200313 c 4500
003 - Код на организацията, давaща контролен номер
Контролно поле BLK
005 - Дата и час на последна редакция
Контролно поле 20250628101126.0
008 - Елементи от данни с фиксирана дължина
fixed length control field 180408b bul|||||r ||||||| ||bul||
010 ## - Наследен системен номер
LC control number KNG00091345000
020 ## - Международен стандартен номер на книга ISBN
Международен стандартен номер на книга ISBN 978-954-529-705-2
-- издат.: Колибри
040 ## - Източник на каталожния запис
Идентификатор на билиотеката - собственик на записа BLK
041 ## - Код за език
Код за езика на текст/звукозапис или на отделно заглавие Български
Код за езика КДБФ Български
080 ## - УДК
Текстов определител УДК Чилийска литература
УДК код - определител по УДК 821.134.2(83)
УДК определител -312.6
УДК - код + определител 821.134.2(83)-312.6
100 1# - Редна дума - Автор
Автор Алиенде, Исабел
Авторска отговорност първи автор
R(LIN) 30822
139 ## - Редно поле
Редна дума Алиенде, Исабел
Авторски знак Али - А 54
245 10 - Сведения за заглавието
Заглавие Сборът на дните
Редно поле (дума) Исабел Алиенде; прев. от исп. Маня Асенова Костова.
257 ## - Страна на издаване
Страна на създаване/издаване Чили
260 ## - Област на издателските данни
-- София
Име на издателя, разпространителя и проч. Колибри
Година на издаване 2009
Печатница София : Инвестпрес
300 ## - Физическа характеристика
Страници 347 с.
Размери/Мащаб 20 см
380 ## - Жанр
Жанр Худож. лит.
500 ## - Общи забележки
Забележка Ориг. загл. La suma de los dias / Isabel Aliende. - Офс. изд.
700 1# - Други автори (авторска отговорност)
Лично име Костова, Маня Асенова
Автороска отговорност (Описва отношението между автора и произведението) прев. от исп.
9 (RLIN) 277900
852 ## - Местоположение
Форматна сигнатура Цб 245285
856 4# - Електронен адрес и достъп
Електронен формат pdf - файл
Път до файла /url/
856 4# - Електронен адрес и достъп
Електронен формат pdf - файл
Път до файла /url/
942 ## - АРТИКУЛИ
Вид на библиотечния материал Книги
Скрит в OPAC Не
Koha issues (borrowed), all copies 46
944 ## - СЪЗДАВАНЕ И РЕДАКЦИЯ на ЗАПИСА
Създаване/Редакция Създаване
Дата на регистрацията/редакция 10.09.2009
Статус, дата на статуса Моника Янева
Служител, извършил регистрацията/редакцията 30570
944 ## - СЪЗДАВАНЕ И РЕДАКЦИЯ на ЗАПИСА
Създаване/Редакция Редакция
Дата на регистрацията/редакция 03.04.2013
Статус, дата на статуса ф /
Служител, извършил регистрацията/редакцията
999 ## - СИСТЕМНИ КОНТРОЛНИ НОМЕРА
Koha biblionumber 86718
Koha biblioitemnumber 86718
Наличности
Код за отписване Код за изгубен артикул Източник на класификационната схема Код за повреда Коз за рестрикции Код за отдаване Артикулен № Име на библиотеката - собственик Име на библиотеката, в която се намира в момента Статус (Текущо местоположение) Дата на вписване в системата Местоположение - отдел Цена в лева Инвентарен номер Систематично азбучна сигнатура Баркод Номер на екземпляра Цена в евро Служебна бележка Служебен тип на артикула
Изтеглен Не е изгубен Universal Decimal Classification Не е повреден без рестрикции заемане за дома 140355 Регионална библиотека "Любен Каравелов" Русе Регионална библиотека "Любен Каравелов" Русе Заемна - подръчен фонд 2009-09-10 Заемна - подръчен фонд 15.00 120000738010 П 821-31/А 54 120000738010 1 7.67 Дост: Pk Вид: Ф N: 51 Дата: 08.09.2009 Дата инв: 09.02.2018 Бележки инв: П2018 Книги
Изтеглен Не е изгубен Universal Decimal Classification Не е повреден без рестрикции заемане за дома 140356 Регионална библиотека "Любен Каравелов" Русе Регионална библиотека "Любен Каравелов" Русе Заемна - подръчен фонд 2009-09-10 Заемна - подръчен фонд 15.00 120000738011 П 821-31/А 54 120000738011 2 7.67 Дост: Pk Вид: Ф N: 51 Дата: 08.09.2009 Дата инв: 09.02.2018 Бележки инв: П2018 Книги
  Не е изгубен   Не е повреден без рестрикции ползва се в читалня 140357 Регионална библиотека "Любен Каравелов" Русе Регионална библиотека "Любен Каравелов" Русе Хранилище 2012-10-09 Хранилище 15.00 120000760201 Цб 245285 120000760201 3 7.67 Дост: Dp Вид: Д N: 33 Дата: 15.08.2011 Книги
  Не е изгубен Universal Decimal Classification Не е повреден без рестрикции заемане за дома 753868 Регионална библиотека "Любен Каравелов" Русе Регионална библиотека "Любен Каравелов" Русе Заемна - подръчен фонд 2020-01-13 Заемна - подръчен фонд 10.50   П 860(7/8)-31/А 54 120000840875   5.37   Книги
  Не е изгубен Universal Decimal Classification Не е повреден без рестрикции заемане за дома 753869 Регионална библиотека "Любен Каравелов" Русе Регионална библиотека "Любен Каравелов" Русе Заемна - подръчен фонд 2020-01-13 Заемна - подръчен фонд 10.50   П 821-31/А 54 120000840873   5.37   Книги
  Не е изгубен Universal Decimal Classification Не е повреден без рестрикции заемане за дома 753870 Регионална библиотека "Любен Каравелов" Русе Регионална библиотека "Любен Каравелов" Русе Заемна - подръчен фонд 2020-01-13 Заемна - подръчен фонд 10.50   П 860(7/8)-31/А 54 120000840874   5.37   Книги
Vip Innovations Ltd, Rousse, Bulgaria 2025